| 000 | 00698nam a2200121Ia 4500 | ||
|---|---|---|---|
| 008 | 220615s9999||||xx |||||||||||||| ||und|| | ||
| 245 | 0 |
_aPublishing Blackness _bTextual Constructions of Race Since 1850 |
|
| 546 | _aEnglish[eng] | ||
| 650 | _aLiterature||Black Arts Movement||Negro||Race and ethnicity in the United States Census||United States | ||
| 700 | _aHutchinson, George B.||Young, John K. | ||
| 856 | _uhttps://library.oapen.org/bitstream/20.500.12657/30228/1/648350.pdf||https://library.oapen.org/bitstream/20.500.12657/30228/1/648350.pdf||https://library.oapen.org/bitstream/20.500.12657/30228/1/648350.pdf||https://library.oapen.org/bitstream/20.500.12657/30228/1/648350.pdf | ||
| 942 | _cEB | ||
| 999 |
_c10219 _d10219 |
||